[Event "39th Olympiad Women"]
[Site "Khanty-Mansiysk RUS"]
[Date "2010.09.30"]
[Round "9"]
[White "Cosma, Elena-Luminita"]
[Black "Voiska, Margarita"]
[Result "0-1"]
[WhiteTitle "WGM"]
[BlackTitle "WGM"]
[WhiteElo "2360"]
[BlackElo "2314"]
[Board "6.2"]
[WhiteTeam "ROU"]
[BlackTeam "BUL"]
[WhiteFideId "1201590"]
[BlackFideId "2900602"]
[EventDate "2010.09.21"]
[EventType "team"]

1. d4 d6 2. e4 Nf6 3. Nc3 g6 4. Nf3 Bg7 5. h3 O-O 6. Be3 a6 7. a4 b6 8. Bc4 e6
9. O-O Bb7 10. d5 exd5 11. exd5 Nbd7 12. Re1 Re8 13. Qd2 Nc5 14. Bd4 Rxe1+ 15.
Rxe1 Qf8 16. b4 Ncd7 17. Qd3 Nh5 18. Bxg7 Qxg7 19. Re7 Nhf6 20. Ng5 Ne5 21. Qe2
Qf8 22. Rxc7 Qb8 23. Re7 Kf8 24. Rxe5 dxe5 25. Qf3 Kg7 26. Nce4 Qd8 27. Nxf7
Kxf7 28. Ng5+ Ke8 29. Qe3 Qd6 30. f4 e4 31. Nxe4 Nxe4 32. Qxe4+ Kd7 33. Qd4 Rf8
34. g3 Qf6 35. Qd1 Qc3 36. Bb3 Qxg3+ 0-1

[Event "39th Olympiad Women"]
[Site "Khanty-Mansiysk RUS"]
[Date "2010.09.30"]
[Round "9"]
[White "Nikolova, Adriana"]
[Black "Voicu-Jagodzinsky, Carmen"]
[Result "1/2-1/2"]
[WhiteTitle "WIM"]
[BlackTitle "WGM"]
[WhiteElo "2295"]
[BlackElo "2313"]
[Board "6.3"]
[WhiteTeam "BUL"]
[BlackTeam "ROU"]
[WhiteFideId "2908689"]
[BlackFideId "1206729"]
[EventDate "2010.09.21"]
[EventType "team"]

1. e4 c5 2. Nf3 e6 3. d4 cxd4 4. Nxd4 Nf6 5. Nc3 d6 6. Bd3 a6 7. Qe2 Nbd7 8. f4
Nc5 9. Nb3 Nxd3+ 10. cxd3 d5 11. O-O d4 12. Nd1 b5 13. Kh1 Bb7 14. Bd2 Rc8 15.
Be1 h5 16. Nf2 h4 17. Nh3 Be7 18. Ba5 Qd7 19. Bb6 O-O 20. Bxd4 Ne8 21. f5 exf5
22. Rxf5 a5 23. Be3 Nd6 24. Rf2 f5 25. Nc5 Rxc5 26. Bxc5 fxe4 27. Rxf8+ Bxf8 28.
Bxd6 Qxd6 29. dxe4 Qe5 30. Nf2 h3 31. Nxh3 Bd6 32. g3 Bxe4+ 33. Kg1 Bc5+ 34. Nf2
Qf5 35. Rc1 Bc6 36. Re1 Bd5 37. b3 Qh3 38. Qf1 Qf5 39. Qe2 Qh3 40. Qf1 Qf5 41.
Qe2 1/2-1/2

[Event "39th Olympiad Women"]
[Site "Khanty-Mansiysk RUS"]
[Date "2010.09.30"]
[Round "9"]
[White "L'Ami, Alina"]
[Black "Videnova, Iva"]
[Result "1/2-1/2"]
[WhiteTitle "WGM"]
[BlackTitle "WIM"]
[WhiteElo "2339"]
[BlackElo "2283"]
[Board "6.4"]
[WhiteTeam "ROU"]
[BlackTeam "BUL"]
[WhiteFideId "1210246"]
[BlackFideId "2907763"]
[EventDate "2010.09.21"]
[EventType "team"]

1. d4 Nf6 2. c4 e6 3. Nc3 Bb4 4. Qc2 O-O 5. a3 Bxc3+ 6. Qxc3 d6 7. Bg5 Nbd7 8.
Nf3 b6 9. e3 h6 10. Bh4 Qe7 11. Be2 Re8 12. O-O Bb7 13. b4 Ne4 14. Qc2 g5 15.
Bg3 h5 16. c5 bxc5 17. dxc5 dxc5 18. bxc5 Nxg3 19. fxg3 Nxc5 20. Ne5 Be4 21. Qc3
Bg6 22. Nxg6 fxg6 23. Rac1 Nd7 24. Qxc7 Nb6 25. Qe5 Nd7 26. Qc7 Nb6 27. Qc2 Kg7
28. Qe4 Kh6 29. Bd3 Rg8 30. Rc6 Rae8 31. a4 Nd5 32. Bb5 Qa3 33. Rxe6 Rxe6 34.
Qxe6 Qxe3+ 35. Qxe3 Nxe3 36. Re1 Nf5 37. Rd1 Rg7 38. Kf2 Rc7 39. Rd2 a5 40. Rd5
Rc2+ 41. Be2 Ra2 42. Rxa5 Nd4 43. Re5 Nxe2 44. Rxe2 Rxa4 1/2-1/2

[Event "39th Olympiad Women"]
[Site "Khanty-Mansiysk RUS"]
[Date "2010.09.30"]
[Round "9"]
[White "Mkrtchian, Lilit"]
[Black "Pokorna, Regina"]
[Result "1-0"]
[WhiteTitle "IM"]
[BlackTitle "WGM"]
[WhiteElo "2484"]
[BlackElo "2370"]
[Board "7.2"]
[WhiteTeam "ARM"]
[BlackTeam "SVK"]
[WhiteFideId "13300601"]
[BlackFideId "14902052"]
[EventDate "2010.09.21"]
[EventType "team"]

1. d4 d5 2. c4 e6 3. Nc3 c5 4. cxd5 exd5 5. Nf3 Nc6 6. g3 Nf6 7. Bg2 Be7 8. O-O
O-O 9. Bg5 cxd4 10. Nxd4 h6 11. Be3 Re8 12. Qb3 Na5 13. Qc2 Bg4 14. Nf5 Rc8 15.
Bd4 Bc5 16. Bxc5 Rxc5 17. Ne3 d4 18. Rad1 Nc4 19. Nxg4 Nxg4 20. Qb3 Nxb2 21.
Qxb2 Rxc3 22. e3 Rc7 23. Rxd4 Qg5 24. h3 Nf6 25. Bxb7 Rb8 26. Be4 Rbc8 27. Bg2
Rc2 28. Qb7 Qa5 29. a4 R2c4 30. Rfd1 Rc1 31. Bf1 Qc7 32. Qxc7 R8xc7 33. Rd8+ Kh7
34. Rxc1 Rxc1 35. Kg2 g6 36. Rd4 Rc7 37. Bb5 Kg7 38. e4 Rc5 39. Kf3 Kf8 40. Ke3
Ke7 41. f4 Rc3+ 42. Rd3 Rc7 43. e5 Nh5 44. g4 Ng7 45. Rd6 h5 46. Ke4 hxg4 47.
hxg4 Ne8 48. Ra6 Kd8 49. f5 gxf5+ 50. gxf5 Rb7 51. Rh6 Ng7 52. Rh8+ Kc7 53. Rh7 1-0

[Event "39th Olympiad Women"]
[Site "Khanty-Mansiysk RUS"]
[Date "2010.09.30"]
[Round "9"]
[White "Aginian, Nelly"]
[Black "Mrvova, Alena"]
[Result "1-0"]
[WhiteTitle "WGM"]
[BlackTitle "WIM"]
[WhiteElo "2282"]
[BlackElo "2253"]
[Board "7.4"]
[WhiteTeam "ARM"]
[BlackTeam "SVK"]
[WhiteFideId "13300628"]
[BlackFideId "14902036"]
[EventDate "2010.09.21"]
[EventType "team"]

1. e4 c5 2. Nf3 Nc6 3. d4 cxd4 4. Nxd4 g6 5. c4 Bg7 6. Be3 Nf6 7. Nc3 O-O 8. Be2
d6 9. O-O Nxd4 10. Bxd4 Bd7 11. Rc1 Bc6 12. f3 a5 13. b3 Nd7 14. Be3 Nc5 15. Qd2
Qb6 16. Nd5 Bxd5 17. cxd5 Qb4 18. Rfd1 f5 19. exf5 Rxf5 20. Rc4 Qxd2 21. Rxd2 b5
22. Rcc2 b4 23. Bxc5 dxc5 24. Rxc5 Bh6 25. Rd3 e6 26. Rb5 Rxd5 27. Rdxd5 exd5
28. Rxd5 Be3+ 29. Kf1 Ra7 30. Bc4 Kg7 31. g3 Bc1 32. f4 h6 33. Kf2 Bb2 34. Kf3
h5 35. h3 Bf6 36. g4 hxg4+ 37. hxg4 Be7 38. g5 a4 39. bxa4 Rxa4 40. Re5 Ra7 41.
Re6 Bc5 42. Bd3 Rxa2 43. Rxg6+ Kf8 44. Rf6+ Kg7 45. Bc4 Ra7 46. f5 Bd4 47. Rg6+
Kf8 48. f6 Ra3+ 49. Ke4 1-0

[Event "39th Olympiad Women"]
[Site "Khanty-Mansiysk RUS"]
[Date "2010.09.30"]
[Round "9"]
[White "Socko, Monika"]
[Black "Muminova, Nafisa"]
[Result "1-0"]
[WhiteTitle "GM"]
[BlackTitle "WIM"]
[WhiteElo "2486"]
[BlackElo "2319"]
[Board "8.1"]
[WhiteTeam "POL"]
[BlackTeam "UZB"]
[WhiteFideId "1106619"]
[BlackFideId "14201526"]
[EventDate "2010.09.21"]
[EventType "team"]

1. e4 e6 2. d4 d5 3. Nd2 Nf6 4. e5 Nfd7 5. Bd3 c5 6. c3 Nc6 7. Ne2 cxd4 8. cxd4
f6 9. Nf4 Nxd4 10. Qh5+ Ke7 11. exf6+ Nxf6 12. Ng6+ hxg6 13. Qxh8 Kf7 14. Qh4 e5
15. Nf3 Nxf3+ 16. gxf3 Qa5+ 17. Bd2 Qb6 18. O-O Bf5 19. Bxf5 gxf5 20. Bg5 Be7
21. Rac1 d4 22. Rfe1 Qa5 23. Qg3 f4 24. Qh3 d3 25. Rcd1 Rd8 26. Qf5 Rd5 27. Bxf6
Bxf6 28. Qc8 Qb5 29. Rd2 Rd8 30. Qc7+ Kg6 31. Red1 Rd7 32. Qc8 Rd8 33. Qe6 Rd5
34. Kh1 a5 35. Rg1+ Kh7 36. Qh3+ Kg8 37. Qf5 Kf7 38. Qg6+ Kf8 39. Rgd1 Qb6 40.
Qf5 Kf7 41. Kg2 g6 42. Qc8 Qb5 43. a4 Qa6 44. Rc1 Be7 45. Rc7 Qd6 46. Qxb7 Rd4
47. Qb3+ Kg7 48. Qb7 Kf7 49. Qb3+ Kg7 50. Qc3 Kh6 51. Rc4 Rd5 52. Rc7 Qd8 53.
Rc8 Qd7 54. Rd1 Bb4 55. Qc4 d2 56. Rb8 Kg5 57. Rb6 Rd6 58. Rb5 Kf6 59. Rb8 Qe6
60. Qc7 Rd7 61. Qc2 Rh7 62. Kg1 Kg5 63. Qe4 Rc7 64. Rxb4 axb4 65. Qxb4 Qh3 66.
Qe4 Kf6 67. Qe2 Rh7 68. Qxd2 Qxh2+ 69. Kf1 Re7 70. Qd6+ Kf7 71. Qd5+ Kg7 72. Qe4
Qh3+ 73. Ke2 Qe6 74. Qd5 Qa6+ 75. Qb5 Qc8 76. Qd3 Qb7 77. b3 g5 78. Qb5 Qc8 79.
Qc4 Qf5 80. Qc5 Kf7 81. Qc4+ Kg7 82. Rd8 Rf7 83. Qd3 Qf6 84. Rd6 e4 85. Qd4 Qxd4
86. Rxd4 Rc7 87. fxe4 Rc2+ 88. Kf3 Rc3+ 89. Kg4 Rxb3 90. Kxg5 Rf3 91. Rd2 Ra3
92. Rd7+ Kf8 93. Kxf4 Rxa4 94. Kf5 1-0

[Event "39th Olympiad Women"]
[Site "Khanty-Mansiysk RUS"]
[Date "2010.09.30"]
[Round "9"]
[White "Sabirova, Olga"]
[Black "Zawadzka, Jolanta"]
[Result "0-1"]
[WhiteTitle "WIM"]
[BlackTitle "WGM"]
[WhiteElo "2216"]
[BlackElo "2410"]
[Board "8.2"]
[WhiteTeam "UZB"]
[BlackTeam "POL"]
[WhiteFideId "14200201"]
[BlackFideId "1122320"]
[EventDate "2010.09.21"]
[EventType "team"]

1. e4 c5 2. d3 Nc6 3. g3 g6 4. Bg2 Bg7 5. f4 e6 6. Nf3 Nge7 7. O-O O-O 8. c3 b6
9. Be3 Ba6 10. Bf2 Rc8 11. Re1 d6 12. a4 Qd7 13. Na3 e5 14. Ng5 h6 15. Bh3 f5
16. Nf3 Rce8 17. d4 cxd4 18. cxd4 exf4 19. gxf4 Kh7 20. Rc1 Nb4 21. Nc4 d5 22.
Nce5 Qd6 23. exf5 Nxf5 24. Kh1 Bc8 25. Rg1 Ne7 26. Bxc8 Rxc8 27. Rxc8 Rxc8 28.
Be1 Nbc6 29. Bh4 Rf8 30. Qd2 Qe6 31. Bxe7 Nxe7 32. Nh4 Bxe5 33. dxe5 Qh3 34. Ng2
Nf5 35. Ne1 d4 36. Qd3 Qe3 37. Qxe3 dxe3 38. Ng2 e2 39. Re1 Nd4 40. h3 g5 41. e6
gxf4 42. e7 Re8 43. Nxf4 Rxe7 44. Kg2 Re3 45. b4 Kg8 46. a5 b5 47. Nd5 Rb3 48.
h4 Kf7 49. Kf2 Ke6 50. Nc7+ Kf5 51. Nxb5 Nxb5 52. Rxe2 Rxb4 53. Rc2 Kg4 54. Ke3
Kxh4 55. Rh2+ Kg5 56. a6 Nc7 57. Rg2+ Kf6 58. Rc2 Nd5+ 59. Kf3 Rb6 60. Ke4 Ke6
61. Rh2 h5 62. Ra2 Nc3+ 0-1

[Event "39th Olympiad Women"]
[Site "Khanty-Mansiysk RUS"]
[Date "2010.09.30"]
[Round "9"]
[White "Majdan-Gajewska, Joanna"]
[Black "Hamrakulova, Yulduz"]
[Result "1-0"]
[WhiteTitle "WGM"]
[BlackTitle "WIM"]
[WhiteElo "2333"]
[BlackElo "2207"]
[Board "8.3"]
[WhiteTeam "POL"]
[BlackTeam "UZB"]
[WhiteFideId "1121979"]
[BlackFideId "14201151"]
[EventDate "2010.09.21"]
[EventType "team"]

1. e4 e5 2. Nf3 Nf6 3. Nxe5 d6 4. Nf3 Nxe4 5. Nc3 Nxc3 6. dxc3 Be7 7. Bf4 Nd7 8.
Qd2 O-O 9. O-O-O Nc5 10. Be3 Re8 11. Bc4 Be6 12. Bxe6 Nxe6 13. h4 Qd7 14. Qd3 a5
15. Ng5 Nf8 16. Rh3 Bxg5 17. hxg5 Qe6 18. Kb1 a4 19. a3 Ra5 20. Rdh1 Qe4 21. Qf1
b6 22. Rh4 Qg6 23. Qc4 Re7 24. Qc6 d5 25. Qb7 f6 26. gxf6 Qxf6 27. Rf4 Qd6 28.
Rh3 Re8 29. c4 Ne6 30. Rfh4 dxc4 31. Rxh7 Rf5 32. Qe4 Qd5 33. Qg4 Kf7 34. R3h5
Rxh5 35. Rxh5 Qd6 36. Rf5+ Kg8 37. Qxc4 Qd1+ 38. Ka2 Qd7 39. f4 g6 40. Re5 Qf7
41. Ka1 Qd7 42. f5 gxf5 43. Rxf5 Re7 44. Rd5 Qe8 45. Bg5 Rd7 46. Qxa4 Nc5 47.
Qc6 Qe1+ 48. Ka2 Rxd5 49. Qxd5+ Kg7 50. Bf4 Qe6 51. Qxe6 Nxe6 52. Be3 Kf6 53.
Kb3 Ke5 54. Kc4 Ke4 55. Bg1 Nf4 56. g4 Ne6 57. a4 Kf3 58. b4 Kxg4 59. a5 bxa5
60. bxa5 c5 61. a6 Nc7 62. a7 Kf5 63. Kxc5 1-0

[Event "39th Olympiad Women"]
[Site "Khanty-Mansiysk RUS"]
[Date "2010.09.30"]
[Round "9"]
[White "Nodirjanova, Nodira"]
[Black "Dworakowska, Joanna"]
[Result "0-1"]
[BlackTitle "IM"]
[WhiteElo "2136"]
[BlackElo "2315"]
[Board "8.4"]
[WhiteTeam "UZB"]
[BlackTeam "POL"]
[WhiteFideId "14201232"]
[BlackFideId "1107445"]
[EventDate "2010.09.21"]
[EventType "team"]

1. d4 f5 2. g3 Nf6 3. Bg2 g6 4. Nf3 Bg7 5. c4 O-O 6. O-O d6 7. Nc3 Nc6 8. d5 Na5
9. Qd3 e5 10. dxe6 Bxe6 11. b3 Nc6 12. Ng5 Bd7 13. Bb2 h6 14. Nf3 Ne4 15. a3 a5
16. Nd1 Bxb2 17. Nxb2 Qf6 18. Qc2 g5 19. e3 Be8 20. Nd3 Bg6 21. Nd2 Rae8 22. b4
b6 23. Rac1 axb4 24. axb4 Qg7 25. Ra1 Kh7 26. b5 Nd8 27. Nxe4 fxe4 28. Nb4 Nf7
29. Kh1 h5 30. Ra7 Nh6 31. Nd5 Rf7 32. Qc3 Qxc3 33. Nxc3 Ng4 34. Nd5 Rc8 35. f4
exf3 36. Rxf3 Rg7 37. Nf6+ Nxf6 38. Rxf6 Re8 39. Ra3 Re5 40. Kg1 Rge7 41. h4 Kg7
42. hxg5 Rxg5 43. Rf4 Rxg3 44. Kf2 Rg5 45. Bd5 Rge5 46. Kf3 Be8 47. e4 Rg5 48.
Ra8 Rg1 49. Kf2 Rc1 50. Rc8 Rc3 51. Kg2 Ra3 52. Kh2 Ra2+ 53. Kg3 Ra3+ 54. Kf2
Ra7 55. Kg3 Bf7 56. Kh4 Be8 57. Rf1 Ra3 58. Rg1+ Kf6 59. Rf1+ Ke5 60. Rg1 Bd7
61. Rcg8 Rh3+ 62. Kg5 Rh2 63. Kh6 Bg4 64. Rf1 Be2 65. Rfg1 h4 66. R1g2 Rxg2 67.
Rxg2 Bf3 68. Rh2 Kf4 69. Rxh4+ Kg3 70. Kg5 Re5+ 0-1

[Event "39th Olympiad Women"]
[Site "Khanty-Mansiysk RUS"]
[Date "2010.09.30"]
[Round "9"]
[White "Papadopoulou, Vera"]
[Black "Baginskaite, Camilla"]
[Result "0-1"]
[WhiteTitle "WIM"]
[BlackTitle "WGM"]
[WhiteElo "2241"]
[BlackElo "2328"]
[Board "9.4"]
[WhiteTeam "GRE"]
[BlackTeam "USA"]
[WhiteFideId "4205472"]
[BlackFideId "2014599"]
[EventDate "2010.09.21"]
[EventType "team"]

1. d4 Nf6 2. c4 e6 3. Nf3 d5 4. g3 dxc4 5. Bg2 c5 6. O-O Nc6 7. dxc5 Qxd1 8.
Rxd1 Bxc5 9. Nbd2 c3 10. bxc3 Bd7 11. Nb3 Be7 12. Bb2 O-O 13. Rac1 Rfd8 14. h3
Kf8 15. e3 Rac8 16. Kh2 a5 17. Nbd4 a4 18. c4 a3 19. Bc3 Nxd4 20. Bxd4 Ba4 21.
Rd3 Nd7 22. Nd2 b5 23. Bf1 f6 24. f4 Nc5 25. Bxc5 Bxc5 26. cxb5 Bxb5 27. Rxd8+
Rxd8 28. Nb3 Bxe3 29. Re1 Bf2 30. Rc1 Be3 31. Re1 Bxf1 32. Rxf1 Rd3 33. Rb1 Rc3
34. Na1 Bf2 35. g4 Bg3+ 36. Kg2 Bxf4 37. Rf1 Be5 38. Nb3 Rxb3 0-1

[Event "39th Olympiad Women"]
[Site "Khanty-Mansiysk RUS"]
[Date "2010.09.30"]
[Round "9"]
[White "Reizniece, Dana"]
[Black "Dauletova, Gulmira"]
[Result "0-1"]
[WhiteTitle "WGM"]
[BlackTitle "WIM"]
[WhiteElo "2318"]
[BlackElo "2235"]
[Board "10.1"]
[WhiteTeam "LAT"]
[BlackTeam "KAZ"]
[WhiteFideId "11601124"]
[BlackFideId "13702971"]
[EventDate "2010.09.21"]
[EventType "team"]

1. c4 c5 2. Nf3 Nc6 3. d4 cxd4 4. Nxd4 g6 5. e4 Nf6 6. Nc3 Nxd4 7. Qxd4 d6 8. b3
Bg7 9. Bb2 O-O 10. Be2 Qa5 11. O-O Be6 12. Rfc1 Rfc8 13. Qd3 a6 14. Rab1 Rab8
15. a4 Qg5 16. Re1 Nd7 17. Nd5 Bxd5 18. exd5 Ne5 19. Qd1 f5 20. Bxe5 Bxe5 21. b4
h5 22. Rb3 h4 23. Bf1 Kf7 24. c5 Qf4 25. g3 hxg3 26. hxg3 Qh6 27. f4 Bf6 28. Bg2
Qg7 29. c6 Bc3 30. Re2 b5 31. a5 Rc7 32. Qc2 Bd4+ 33. Kf1 Rh8 34. Qd2 Ba7 35.
Re1 Rh2 36. Rbe3 Bxe3 37. Qxe3 Qb2 38. Re2 Qxb4 39. Qe6+ Kg7 40. Kg1 Rh8 41. Qe3
Rb8 42. Rf2 Qc5 43. Qe2 b4 44. g4 b3 45. Qb2+ Kg8 46. gxf5 Rb4 47. Kh2 gxf5 48.
Bh3 Qd4 49. Bxf5 Qxb2 50. Rxb2 Rxf4 51. Be6+ Kg7 52. Rxb3 Ra4 53. Kg3 Rxa5 54.
Kg4 Kf6 55. Kf4 Ra4+ 56. Ke3 Ke5 57. Kd2 Rd4+ 58. Ke2 Rc4 59. Ra3 Rc2+ 60. Kd3
R2xc6 61. dxc6 Kxe6 62. Rxa6 Kd5 63. Ra8 Rxc6 64. Re8 e5 65. Rd8 Ra6 66. Ke3
Ra3+ 67. Kd2 Kc5 68. Ke2 d5 69. Kd2 Kd4 70. Rd7 Ra2+ 71. Kd1 e4 72. Rd8 Kc4 0-1

[Event "39th Olympiad Women"]
[Site "Khanty-Mansiysk RUS"]
[Date "2010.09.30"]
[Round "9"]
[White "Nakhbayeva, Guliskhan"]
[Black "Rogule, Laura"]
[Result "0-1"]
[WhiteTitle "WIM"]
[BlackTitle "WGM"]
[WhiteElo "2243"]
[BlackElo "2354"]
[Board "10.2"]
[WhiteTeam "KAZ"]
[BlackTeam "LAT"]
[WhiteFideId "13704788"]
[BlackFideId "11601876"]
[EventDate "2010.09.21"]
[EventType "team"]

1. d4 d5 2. c4 e6 3. Nc3 Nf6 4. cxd5 exd5 5. Bg5 Be7 6. e3 Nbd7 7. Bd3 O-O 8.
Nge2 Re8 9. O-O Nf8 10. b4 Ne6 11. Bxf6 Bxf6 12. Qb3 c6 13. a4 a5 14. bxa5 Rxa5
15. Rfd1 g6 16. Ra2 Bg7 17. Qb1 Qc7 18. Rb2 Bf8 19. Nc1 Bd6 20. h3 Qe7 21. Nb3
Ra7 22. Ra2 Qh4 23. e4 Nf4 24. Bf1 Bb4 25. Qc1 Bxc3 26. Qxc3 Rxe4 27. Nc5 Re8
28. Rb2 Qg5 29. Kh2 Qd8 30. Re1 Rxe1 31. Qxe1 b6 32. Rxb6 Qxb6 33. Qe8+ Kg7 34.
Qe5+ f6 35. Qxf4 Qc7 36. Qxc7+ Rxc7 37. a5 Kf7 38. a6 Ke7 39. g4 Kd6 40. Kg3 Ra7
41. h4 Kc7 42. Bd3 Kb6 43. h5 Bxa6 44. Bxa6 Rxa6 45. Nd7+ Kb5 46. Nxf6 Ra7 47.
Kf4 Kc4 48. Ke5 gxh5 49. Nxh5 Re7+ 50. Kd6 Re4 51. f4 Kxd4 52. g5 c5 53. f5 Re3
54. f6 Rf3 55. Ke7 c4 56. f7 c3 57. Nf6 c2 58. f8=Q c1=Q 59. Qg8 Qc7+ 60. Ke6
Re3+ 61. Kf5 Qe5+ 62. Kg4 Qg3+ 63. Kh5 Qh3# 0-1

[Event "39th Olympiad Women"]
[Site "Khanty-Mansiysk RUS"]
[Date "2010.09.30"]
[Round "9"]
[White "Berzina, Ilze"]
[Black "Saduakassova, Dinara"]
[Result "1/2-1/2"]
[WhiteTitle "WGM"]
[BlackTitle "WFM"]
[WhiteElo "2283"]
[BlackElo "2142"]
[Board "10.3"]
[WhiteTeam "LAT"]
[BlackTeam "KAZ"]
[WhiteFideId "11601345"]
[BlackFideId "13700090"]
[EventDate "2010.09.21"]
[EventType "team"]

1. e4 c5 2. c3 d5 3. exd5 Qxd5 4. d4 Nf6 5. Nf3 Bg4 6. dxc5 Qxd1+ 7. Kxd1 e5 8.
Ke1 Bxf3 9. gxf3 Bxc5 10. Rg1 g6 11. Bh6 Bf8 12. Bg5 Nfd7 13. Bb5 a6 14. Ba4 Be7
15. Bh6 Nc6 16. Nd2 O-O-O 17. Bb3 Bf8 18. Be3 f5 19. Bg5 Be7 20. Bxe7 Nxe7 21.
Nc4 Kc7 22. Rd1 Nc6 23. Ne3 Nf6 24. Ke2 Ne7 25. Rxd8 Rxd8 26. Rd1 Rxd1 27. Kxd1
Nc6 28. Kd2 Kd6 29. Bf7 Nd8 30. Bc4 Ne6 31. Bb3 Nd7 32. Nc4+ Ke7 33. Bc2 Nf4 34.
a4 Nd5 1/2-1/2

[Event "39th Olympiad Women"]
[Site "Khanty-Mansiysk RUS"]
[Date "2010.09.30"]
[Round "9"]
[White "Ankudinova, Yelena"]
[Black "Skinke, Katrina"]
[Result "1/2-1/2"]
[WhiteTitle "WFM"]
[BlackTitle "WIM"]
[WhiteElo "2124"]
[BlackElo "2217"]
[Board "10.4"]
[WhiteTeam "KAZ"]
[BlackTeam "LAT"]
[WhiteFideId "13702114"]
[BlackFideId "11602260"]
[EventDate "2010.09.21"]
[EventType "team"]

1. d4 Nf6 2. Nf3 g6 3. Nbd2 Bg7 4. e4 d6 5. Bd3 O-O 6. O-O Nbd7 7. Re1 e5 8. c3
Re8 9. Qc2 c6 10. a4 d5 11. dxe5 Nxe5 12. Nxe5 Rxe5 13. Nf3 Re8 14. Bg5 dxe4 15.
Bxe4 Qc7 16. Bd3 Bg4 17. Nd4 Nd5 18. h3 Bd7 19. Rxe8+ Rxe8 20. Qd2 Qe5 21. Nf3
Qc7 22. c4 Nf6 23. Rd1 Be6 24. Bf4 Qc8 25. Be5 Rd8 26. Qc2 c5 27. Ng5 Nh5 28.
Bh2 Bd4 29. Re1 Ng7 30. b3 Bf5 31. Bxf5 Qxf5 32. Qxf5 Nxf5 33. g4 Ng7 34. Kg2 h6
35. Nf3 Ne6 36. Rd1 Kf8 37. Nxd4 Nxd4 38. Be5 Ke7 39. Bxd4 Rxd4 40. Rxd4 cxd4
41. Kf3 Kd6 42. Ke4 Kc5 43. a5 f6 44. f4 f5+ 45. gxf5 gxf5+ 46. Kd3 a6 47. h4 h5
48. Kd2 Kb4 49. Kd3 Kxa5 50. Kxd4 Kb4 51. Ke5 Kxb3 52. Kxf5 a5 53. Kg6 a4 54. f5
a3 55. f6 a2 56. f7 a1=Q 57. f8=Q Qd1 58. Qf7 Qg4+ 59. Kh6 Qxh4 60. Qxb7+ Kxc4
61. Qf7+ 1/2-1/2

[Event "39th Olympiad Women"]
[Site "Khanty-Mansiysk RUS"]
[Date "2010.09.30"]
[Round "9"]
[White "Hoolt, Sarah"]
[Black "Ziaziulkina, Nastassia"]
[Result "0-1"]
[WhiteTitle "WIM"]
[BlackTitle "WIM"]
[WhiteElo "2251"]
[BlackElo "2284"]
[Board "11.2"]
[WhiteTeam "GER"]
[BlackTeam "BLR"]
[WhiteFideId "24606812"]
[BlackFideId "13505211"]
[EventDate "2010.09.21"]
[EventType "team"]

1. e4 c5 2. Nf3 d6 3. d4 cxd4 4. Nxd4 Nf6 5. Nc3 a6 6. Bg5 Nbd7 7. Qe2 Qc7 8.
O-O-O e6 9. f4 b5 10. a3 Bb7 11. g4 Be7 12. Bg2 Qc4 13. Qe1 Rb8 14. Bf1 Qc7 15.
h4 O-O 16. Bh3 b4 17. axb4 Qc4 18. e5 dxe5 19. fxe5 Bxh1 20. exf6 Bxb4 21. fxg7
Rfc8 22. Bh6 Bxc3 23. Qxc3 Qa2 24. Qa3 Qxa3 25. bxa3 Be4 26. Re1 Bd5 27. Bf1 Nc5
28. h5 Be4 29. Kd2 Rd8 30. Ke3 Rb6 31. Bg5 Rd5 32. Be7 f5 33. h6 Nd7 34. Bc4 Re5
35. Kf4 Kf7 36. Bd8 Rd6 37. c3 Bd5 38. Rxe5 Nxe5 39. Bc7 Nxc4 40. Bxd6 Nxd6 41.
gxf5 Nxf5 42. Nxf5 exf5 43. Kxf5 Bb3 44. Kg5 Be6 0-1

[Event "39th Olympiad Women"]
[Site "Khanty-Mansiysk RUS"]
[Date "2010.09.30"]
[Round "9"]
[White "Homiakova, Elena"]
[Black "Levushkina, Elena"]
[Result "1/2-1/2"]
[WhiteTitle "WFM"]
[BlackTitle "WGM"]
[WhiteElo "2156"]
[BlackElo "2346"]
[Board "11.3"]
[WhiteTeam "BLR"]
[BlackTeam "GER"]
[WhiteFideId "13507761"]
[BlackFideId "14200686"]
[EventDate "2010.09.21"]
[EventType "team"]

1. e4 e5 2. Nf3 Nc6 3. Bb5 Nge7 4. O-O g6 5. c3 Bg7 6. d4 exd4 7. cxd4 a6 8. Ba4
b5 9. Bb3 O-O 10. Nc3 d6 11. h3 Na5 12. Bc2 c5 13. d5 Nc4 14. Bd3 Nb6 15. Qc2
Bd7 16. Bg5 c4 17. Be2 b4 18. Nd1 Rc8 19. Rc1 Bb5 20. Qd2 c3 21. bxc3 bxc3 22.
Nxc3 Rxc3 23. Rxc3 Bxe2 24. Nd4 Bxf1 25. Nc6 Qd7 26. Nxe7+ Kh8 27. Kxf1 f6 28.
Be3 Qxe7 29. Bxb6 Qxe4 30. Bc7 Qe5 31. Rc6 Qh2 32. Bxd6 Qh1+ 33. Ke2 Re8+ 34.
Kf3 Qb1 35. Kg3 f5 36. Kh2 Qe4 37. Bf4 Rd8 38. Rc7 Be5 39. g3 Bxc7 40. Qc3+ Kg8
41. Qxc7 Qxd5 42. Be5 Qd7 43. Qc4+ Qf7 44. Qxa6 Re8 45. Qa5 h6 46. a4 Qe6 47.
Bd4 Qe4 48. Qb6 Qe6 49. Qc7 Qf7 50. Qb6 f4 51. a5 fxg3+ 52. Kxg3 Qe6 53. a6 Qxb6
54. Bxb6 Ra8 55. a7 Kf7 56. Kf4 Ke6 57. Ke4 Kd6 58. Be3 Ke6 59. h4 g5 60. h5 Rc8
61. Bd4 Ra8 62. Be3 Rc8 63. Bd4 Ra8 64. Be3 1/2-1/2

[Event "39th Olympiad Women"]
[Site "Khanty-Mansiysk RUS"]
[Date "2010.09.30"]
[Round "9"]
[White "Ohme, Melanie"]
[Black "Homiakova, Ekaterina"]
[Result "1-0"]
[WhiteTitle "WIM"]
[BlackTitle "WFM"]
[WhiteElo "2311"]
[BlackElo "2134"]
[Board "11.4"]
[WhiteTeam "GER"]
[BlackTeam "BLR"]
[WhiteFideId "4690745"]
[BlackFideId "13503863"]
[EventDate "2010.09.21"]
[EventType "team"]

1. e4 c5 2. Nf3 Nc6 3. d4 cxd4 4. Nxd4 g6 5. Nc3 Bg7 6. Nb3 Nf6 7. Be2 O-O 8.
O-O d6 9. Bg5 Be6 10. Kh1 a6 11. f4 b5 12. Bf3 Rc8 13. Nd5 Nd7 14. c3 f6 15. Bh4
Bf7 16. Qd2 Nb6 17. Rad1 Nc4 18. Qe2 e6 19. Ne3 Nxe3 20. Qxe3 Qc7 21. Bf2 Bh6
22. Qd2 Ne5 23. Qxd6 Nxf3 24. Qxc7 Rxc7 25. gxf3 Bxf4 26. Nc5 Ra8 27. a3 a5 28.
Rd3 Rc6 29. Rfd1 Bc7 30. Kg2 Rc8 31. Rd7 Be8 32. R7d3 Bf7 33. Nb7 b4 34. axb4
axb4 35. cxb4 Rb8 36. Nd8 Rc2 37. Nxf7 Kxf7 38. Rc3 Rxc3 39. bxc3 Be5 40. Bg3
Bxg3 41. hxg3 Ke7 42. Kf2 h5 43. Ke3 g5 44. Ra1 Rh8 45. c4 h4 46. gxh4 gxh4 47.
c5 e5 48. Kf2 h3 49. Kg1 h2+ 50. Kh1 f5 51. exf5 Kf6 52. c6 Kxf5 53. b5 e4 54.
fxe4+ Kxe4 55. c7 Kd5 56. Rc1 1-0